000 01334cam a22003617a 4500
001 5901
003 FISKH
005 20250131110337.0
008 070723s2008 maua j 000 1 eng d
010 _a 2007933557
020 _a9780763638382
020 _a0763638382
020 _a9780763643706
020 _a076364370X
035 _a(OCoLC)ocn166388031
040 _aBTCTA
_cBTCTA
_dBAKER
_dOCO
_dXY4
_dMUS
_dVP@
_dJBO
_dUPZ
_dEHH
_dCQU
_dIFK
_dBDX
_dDLC
_beng
050 _a PZ7.C83175 M
082 _a823.914
100 1 _aCousins, Lucy.
_d(1964-)
245 _aMaisy goes to the museum :
_cLucy Cousins
_bA maisy first experiences book /
250 _aFirst published in 2009
260 _aMassachusetts :
_bCandlewick Press,
_c2008.
300 _a25 unnumbered pages :
_bcolor illustrations ;
_c19 cm x 24 cm.
505 _aG
520 _aWith her friends by her side, Maisy takes the lead in their exciting tour of the local museum where they get to see exhibits of everything from super-sized dinosaurs and rocket ships to vintage vehicles and even a giant dollhouse!
521 8 _a370
_bLexile estimate
521 8 _aG
_bRaz-Plus
650 0 _aMuseums
_vJuvenile fiction.
650 0 _aMice
_vJuvenile fiction.
906 _a7
_bcbc
_ccopycat
_d2
_eepcn
_f20
_gy-gencatlg
942 _2ddc
_cBK
_n0
999 _c5901
_d5901